Normal view
MARC view
Entry Personal Name
001 - CONTROL NUMBER
- control field: 25281
003 - CONTROL NUMBER IDENTIFIER
- control field: OSt
005 - DATE AND TIME OF LATEST TRANSACTION
- control field: 20260518161914.0
008 - FIXED-LENGTH DATA ELEMENTS
- fixed length control field: 260518|| aca||aabn | a|a d
040 ## - CATALOGING SOURCE
- Original cataloging agency: OSt
- Transcribing agency: OSt
100 ## - HEADING--PERSONAL NAME
- Personal name: Miller Michael
670 ## - SOURCE DATA FOUND
- Source citation: Work cat.: (OSt)22383: Miller Michael, THE COMPLETE IDIOT'S GUIDE TO MUSIC THEORY, 2005
